000 00646nam a2200217 a 4500
005 20221129063657.0
008 991125s1978 mx 000 0 spa u
035 _aUPN01000032674
049 _aCG
050 4 _aQ180.2
_bB6.3 1978
100 1 _aBosque Lastra, Teresa
245 1 0 _aInvestigación elemental /
_cTeresa Bosque Lastra, Tomás Rodríguez.
250 _a2a ed.
260 _aMéxico :
_bANUIES,
_c1978.
300 _a103 p. :
_bil.
440 0 _aTemas básicos.
_pArea taller de lectura y redacción
650 4 _aInvestigación
_97412
650 4 _aMetodología
_96963
700 1 _aRodríguez, Tomás,
_ecoaut.
905 _aLibro
999 _c32674
_d32674